LIBRARY & INFORMATION CENTRE, KCAET, TAVANUR

ONLINE PUBLIC ACCESS CATALOGUE (OPAC)

Study of thiking / (Record no. 3346)

MARC details
000 -LEADER
fixed length control field 00460cam a2200181ua 4500
041 ## - LANGUAGE CODE
Language code of text/sound track or separate title eng
082 ## - DEWEY DECIMAL CLASSIFICATION NUMBER
Classification number 153.42
Item number BRU/ST
100 ## - MAIN ENTRY--AUTHOR NAME
Personal name Bruner, Jerome S .
245 ## - TITLE STATEMENT
Title Study of thiking /
250 ## - EDITION STATEMENT
Edition statement 1 /
260 ## - PUBLICATION, DISTRIBUTION, ETC. (IMPRINT)
Place of publication New York :
Name of publisher John Wiley & Sons ,
Year of publication 1961.
300 ## - PHYSICAL DESCRIPTION
Number of Pages 329 ; .
700 1# - ADDED ENTRY--PERSONAL NAME
Personal name Austin, george A .
700 1# - ADDED ENTRY--PERSONAL NAME
Personal name Goodnow, Jack quelcnij .
942 ## - ADDED ENTRY ELEMENTS (KOHA)
Koha item type Books
Holdings
Withdrawn status Lost status Damaged status Home library Current library Date acquired Full call number Accession Number Koha item type
Withdrawn     KAUAET Sanskrit University 07/04/2012 153.42 609 Books
free website counter